| 000 | 00388nam a22001457a 4500 | ||
|---|---|---|---|
| 003 | SGT | ||
| 082 |
_a617.3 _bF22S |
||
| 100 | _aSINGH, AVINASH KUMAR | ||
| 245 | _aFUNCTIONAL OUTCOME OF ANTERIOR CRUCIATE LIGAMENT (ACL) RBCONTRUCTION USING HAMSTRING AUTOGRAFT | ||
| 260 |
_aGURUGRAM _bSGTU _c2022 |
||
| 300 | _a110 | ||
| 650 | _aORTHOPEDICS SURGERY | ||
| 653 | _aMS | ||
| 942 |
_2ddc _cTH |
||
| 999 |
_c33189 _d33189 |
||